TOURISM DEVELOPMENT IN INDIA (Record no. 28558)

MARC details
000 -LEADER
fixed length control field 00310nam a22001457a 4500
003 - CONTROL NUMBER IDENTIFIER
control field SGT
020 ## - INTERNATIONAL STANDARD BOOK NUMBER
International Standard Book Number 81-7132-279-4
082 ## - DEWEY DECIMAL CLASSIFICATION NUMBER
Classification number 633
Item number SAT
100 ## - MAIN ENTRY--PERSONAL NAME
Personal name SATI, V.P.
245 ## - TITLE STATEMENT
Title TOURISM DEVELOPMENT IN INDIA
260 ## - PUBLICATION, DISTRIBUTION, ETC. (IMPRINT)
Place of publication, distribution, etc INDIA
Name of publisher, distributor, etc POINTER PUB.
Year of Publication 2011
300 ## - PAGE DESCRIPTION
No. of Pages 238
650 ## - SUBJECT ADDED ENTRY--TOPICAL TERM
Topical term or geographic name as entry element TOURISM
942 ## - ADDED ENTRY ELEMENTS (KOHA)
Source of classification or shelving scheme Dewey Decimal Classification
Koha item type Books
Holdings
Withdrawn status Lost status Source of classification or shelving scheme Damaged status Not for loan Collection code Home library Current library Shelving location Date acquired Vendor Name Cost, normal purchase price SGTU Bill Number Total Checkouts Full call number Accession No. (Barcode) Date last seen Bill Date Koha item type
    Dewey Decimal Classification     HOTEL MANAGEMENT SGT Science & Social Sciences Library SGT Science & Social Sciences Library Text Book 31/12/2024 BIRJWASI 900.00 SGTU BW00095   633 SAT HM1323 31/12/2024   Books
    Dewey Decimal Classification     HOTEL MANAGEMENT SGT Science & Social Sciences Library SGT Science & Social Sciences Library Text Book 31/12/2024 BIRJWASI 900.00 SGTU BW00095   633 SAT HM1324 31/12/2024   Books
    Dewey Decimal Classification     HOTEL MANAGEMENT SGT Science & Social Sciences Library SGT Science & Social Sciences Library Text Book 31/12/2024 BIRJWASI 900.00 SGTU BW00095   633 SAT HM1325 31/12/2024   Books